000 00434nam a2200181Ia 4500
005 20240823043354.0
008 240823s9999||||xx |||||||||||||| ||und||
041 _aENGLISH
082 _A5.74
100 _aAllahabnad Agricultral Institute
245 0 _aConcepts of Database(MS-Access)
250 _a1st
260 _b#VALUE!
500 _aTRANSFERED
650 _aDatabase
_bComputer Science
942 _cBK
999 _c210082
_d210082